Statistics for Countries by First and Last Two Letters

Click here to take the quiz!

General Stats

  • This quiz has been taken 228,272 times
  • The average score is 164 of 392

Answer Stats

Country % Correct
Jamaica
92%
Cambodia
92%
Canada
92%
Cape Verde
92%
South Africa
92%
Costa Rica
92%
Cameroon
92%
Dominica
92%
Russia
83%
Peru
83%
Nauru
83%
Chad
82%
United States
82%
United Kingdom
82%
United Arab Emirates
82%
China
82%
Chile
82%
Democratic Republic
of the Congo
80%
Myanmar
78%
Liechtenstein
74%
Spain
74%
India
74%
Benin
74%
Bahrain
74%
Indonesia
74%
North Macedonia
73%
Brunei
72%
Brazil
72%
Eswatini
71%
Austria
71%
Palau
71%
Australia
71%
Guinea-Bissau
71%
Mauritania
70%
Ethiopia
70%
Gambia
70%
Russia
70%
Lithuania
70%
Liberia
70%
Indonesia
70%
Saudi Arabia
70%
Federated States of
Micronesia
70%
Republic of the Congo
70%
North Macedonia
70%
Saint Lucia
70%
Austria
70%
Mongolia
70%
Albania
70%
Armenia
70%
Tunisia
70%
Malaysia
70%
Algeria
70%
Australia
70%
Cambodia
70%
India
70%
Bolivia
70%
Somalia
70%
Slovenia
70%
Estonia
70%
Serbia
70%
Tanzania
70%
Syria
70%
Bulgaria
70%
Colombia
70%
Georgia
70%
Slovakia
70%
Croatia
70%
Zambia
70%
Namibia
70%
Romania
70%
Nigeria
70%
Latvia
70%
Ghana
69%
Nauru
69%
Guyana
69%
Namibia
69%
Argentina
69%
China
69%
Cote d'Ivoire
69%
Botswana
69%
Bosnia and
Herzegovina
69%
Morocco
68%
Mexico
68%
Costa Rica
68%
Colombia
68%
Comoros
68%
Monaco
68%
Suriname
68%
Eswatini
67%
Argentina
65%
Armenia
65%
Madagascar
65%
Qatar
65%
Kazakhstan
61%
Jordan
61%
Pakistan
61%
Japan
61%
Antigua and Barbuda
61%
Oman
61%
Angola
61%
Andorra
61%
Iran
61%
Sudan
61%
Uzbekistan
61%
Tajikistan
61%
Afghanistan
61%
Azerbaijan
61%
Bhutan
61%
Turkmenistan
61%
South Sudan
61%
Kyrgyzstan
61%
Taiwan
61%
Canada
58%
Antigua and Barbuda
58%
Rwanda
58%
Grenada
58%
Uganda
58%
San Marino
57%
Mongolia
57%
Mozambique
57%
Morocco
57%
Montenegro
57%
Monaco
57%
Moldova
57%
Norway
57%
North Korea
57%
Burkina Faso
55%
Somalia
55%
Solomon Islands
55%
South Africa
55%
South Korea
55%
South Sudan
55%
Saint Vincent and the
Grenadines
54%
Saint Lucia
54%
Saint Kitts and Nevis
54%
Albania
53%
Senegal
53%
Portugal
53%
Malta
53%
Mali
53%
Marshall Islands
53%
Mauritania
53%
Mauritius
53%
Panama
53%
Maldives
53%
Malaysia
53%
Malawi
53%
Madagascar
53%
Nepal
53%
Iraq
53%
Iran
53%
Ireland
53%
Algeria
53%
United States
52%
Estonia
52%
New Zealand
52%
Maldives
52%
United Arab Emirates
52%
Switzerland
52%
Thailand
52%
Saint Vincent and the
Grenadines
52%
Seychelles
52%
Finland
52%
Palau
52%
Saudi Arabia
52%
Pakistan
52%
Samoa
52%
San Marino
52%
São Tomé and Príncipe
52%
Philippines
52%
Ireland
52%
Poland
52%
Panama
52%
Papua New Guinea
52%
Paraguay
52%
Iceland
52%
Cape Verde
51%
Switzerland
51%
Sweden
51%
France
51%
Denmark
51%
Sierra Leone
50%
Ukraine
50%
Brazil
50%
New Zealand
50%
Netherlands
50%
Nepal
50%
Spain
46%
Portugal
45%
Poland
45%
Fiji
44%
Finland
44%
Cyprus
43%
Belarus
43%
Mauritius
43%
Mali
42%
Lithuania
42%
Liechtenstein
42%
Libya
42%
Liberia
42%
United Kingdom
41%
Oman
41%
Kazakhstan
40%
Lebanon
40%
Central African Republic
40%
Chile
40%
Lesotho
40%
São Tomé and Príncipe
40%
Czech Republic
40%
Dominican Republic
40%
Sri Lanka
40%
Georgia
40%
Germany
40%
Iceland
40%
Peru
40%
Venezuela
38%
Guatemala
38%
Angola
38%
Laos
38%
Latvia
38%
Jamaica
38%
Japan
38%
Sweden
37%
Bolivia
37%
Paraguay
37%
Yemen
37%
Uruguay
37%
Bosnia and
Herzegovina
37%
Botswana
37%
Norway
37%
France
37%
Central African Republic
37%
Greece
37%
Turkmenistan
36%
Tunisia
36%
Tuvalu
36%
Turkey
36%
Vanuatu
36%
Egypt
35%
Suriname
34%
Ukraine
34%
Sudan
34%
Niger
32%
Nicaragua
32%
Nigeria
32%
Belize
30%
Italy
30%
Belgium
30%
Belarus
30%
Benin
30%
Kuwait
30%
Denmark
30%
Barbados
28%
Bangladesh
28%
Bahrain
28%
Cuba
28%
Bahamas
28%
Tajikistan
26%
Tanzania
26%
Taiwan
26%
Uruguay
26%
Malta
26%
Venezuela
25%
Guinea
24%
South Korea
24%
North Korea
24%
Eritrea
24%
Equatorial Guinea
24%
East Timor
24%
Papua New Guinea
24%
Myanmar
23%
Guyana
23%
Guinea-Bissau
23%
Guinea
23%
Guatemala
23%
Afghanistan
23%
Germany
21%
Cuba
21%
Ecuador
20%
Vietnam
20%
Egypt
20%
Grenada
19%
Greece
19%
Thailand
19%
Yemen
19%
Ethiopia
18%
Republic of the Congo
18%
Libya
18%
Democratic Republic
of the Congo
18%
Togo
18%
Trinidad and Tobago
18%
Kenya
18%
Eritrea
17%
Nicaragua
17%
Seychelles
17%
Burundi
17%
Senegal
17%
Burkina Faso
17%
Niger
17%
Serbia
17%
Bulgaria
17%
Uzbekistan
17%
Italy
16%
Chad
16%
Kyrgyzstan
16%
Vietnam
15%
Lesotho
15%
Honduras
15%
Federated States of
Micronesia
14%
Romania
14%
Cote d'Ivoire
14%
Bahamas
14%
Montenegro
14%
Philippines
14%
Sierra Leone
14%
Honduras
14%
Singapore
14%
Dominican Republic
13%
Djibouti
13%
Kiribati
13%
Israel
13%
Haiti
13%
Turkey
13%
Dominica
13%
Saint Kitts and Nevis
13%
Gambia
12%
Kenya
12%
El Salvador
12%
Ecuador
12%
East Timor
12%
Gabon
12%
Tonga
12%
Zambia
11%
Andorra
11%
Zimbabwe
11%
El Salvador
11%
Iraq
11%
Israel
11%
Netherlands
10%
Tonga
10%
Togo
10%
Sri Lanka
10%
Solomon Islands
10%
Ghana
10%
Marshall Islands
10%
Slovakia
9%
Kosovo
9%
Hungary
9%
Syria
9%
Vatican City
9%
Azerbaijan
9%
Slovenia
9%
Vanuatu
9%
Moldova
9%
Tuvalu
8%
Czech Republic
8%
Barbados
8%
Bhutan
8%
Laos
8%
Comoros
8%
Luxembourg
8%
Croatia
8%
Singapore
8%
Jordan
7%
Lebanon
7%
Uganda
7%
Gabon
7%
Mozambique
7%
Cameroon
7%
Belgium
7%
Djibouti
6%
Zimbabwe
6%
Qatar
6%
Kuwait
6%
Rwanda
6%
Burundi
6%
Belize
5%
Samoa
5%
Equatorial Guinea
5%
Hungary
5%
Trinidad and Tobago
5%
Bangladesh
5%
Malawi
4%
Fiji
4%
Cyprus
4%
Kosovo
3%
Luxembourg
3%
Vatican City
3%
Brunei
3%

Score Distribution

Percentile by Number Answered

Percent of People with Each Score

Your Score History

You have not taken this quiz